000 00577nam a2200181Ia 4500
005 20260223184656.0
008 191130s2005##################000#0#eng##
020 _a9780805894868
082 _a618.9289 WOL
100 _aWolfe, Pamela
245 _aAutism and applied behavior analysis
_cPamela Wolfe; John T Neisworth
260 _aMahwah, N.J
_bLawrence Erlbaum Associates
_c2005
300 _a63 p. : ill. ; 24 cm
650 _aAutism in children-Treatment(21)
650 _aAutistic children--Behavior modification
700 _aNeisworth, John T
942 _cENGLISH
999 _c375912
_d375912